<?xml version="1.0" encoding="UTF-8"?><?xml-stylesheet type="text/xsl" href="static/style.xsl"?><OAI-PMH xmlns="http://www.openarchives.org/OAI/2.0/" xmlns:xsi="http://www.w3.org/2001/XMLSchema-instance" xsi:schemaLocation="http://www.openarchives.org/OAI/2.0/ http://www.openarchives.org/OAI/2.0/OAI-PMH.xsd"><responseDate>2026-06-01T02:46:19Z</responseDate><request verb="GetRecord" identifier="oai:riuma.uma.es:10630/11299" metadataPrefix="marc">https://riuma.uma.es/rest/oai/request</request><GetRecord><record><header><identifier>oai:riuma.uma.es:10630/11299</identifier><datestamp>2026-02-03T11:48:44Z</datestamp><setSpec>com_10630_2254</setSpec><setSpec>col_10630_37959</setSpec></header><metadata><record xmlns="http://www.loc.gov/MARC21/slim" xmlns:dcterms="http://purl.org/dc/terms/" xmlns:doc="http://www.lyncode.com/xoai" xmlns:xsi="http://www.w3.org/2001/XMLSchema-instance" xsi:schemaLocation="http://www.loc.gov/MARC21/slim http://www.loc.gov/standards/marcxml/schema/MARC21slim.xsd">
   <leader>00925njm 22002777a 4500</leader>
   <datafield ind2=" " ind1=" " tag="042">
      <subfield code="a">dc</subfield>
   </datafield>
   <datafield ind2=" " ind1=" " tag="720">
      <subfield code="a">Moscato, Gianluigi</subfield>
      <subfield code="e">author</subfield>
   </datafield>
   <datafield ind2=" " ind1=" " tag="720">
      <subfield code="a">Martos-Méndez, María José</subfield>
      <subfield code="e">author</subfield>
   </datafield>
   <datafield ind2=" " ind1=" " tag="260">
      <subfield code="c">2016-05-09</subfield>
   </datafield>
   <datafield ind2=" " ind1=" " tag="520">
      <subfield code="a">Como consecuencia de la consolidación del proceso migratorio, se han ido configurando,&#xd;
paulatinamente, nuevos núcleos familiares: las  familias interculturales o mixtas, compuestas por un miembro autóctono y otro extranjero.&#xd;
Las familias interculturales representan un importante laboratorio para comprender las dinámicas sociales y emocionales que caracterizan una sociedad multicultural. Pero también, muy a menudo tienen que enfrentarse a situaciones de discriminación, falta de apoyo social y a otras formas de presiones sociales que contribuyen a la ruptura marital. &#xd;
Aunque se trata de un tipo de familias cada vez más numerosa, (alrededor de un 14,4% del total de los matrimonios celebrados),  las investigaciones y las intervenciones con estas parejas  son muy escasas. &#xd;
El objetivo de la presente investigación es determinar la capacidad predictiva di determinadas variables psicosociales y relacionales sobre la satisfacción marital de sus miembros, y por lo tanto el principal factor de protección contra las rupturas maritales.  Por ello, se utilizó el modelo ecológico de Bronfenbrenner para explicar el fenomeno.&#xd;
 Participaron 130 parejas mixtas residentes en España que contestaron un cuestionario autoadministrado  que consta de escalas estandarizadas. &#xd;
Coherentemente con el modelo propuesto, el mantenimiento de la identidad cultural, el apoyo social recibido, la integración comunitaria y una gestión de las diferencias culturales basadas en la valorización de la doble cultura, son los principales factores de protección sobre estabilidad de las parejas. Mientras a medida que aumenta la discriminación percibida y disminuyen las redes  de apoyo,  la satisfacción familiar desciende. &#xd;
Para mejorar el bienestar de las parejas se ve necesario, de acuerdo con otros autores,  la implementación del trabajo en red entre distintas instituciones y sistemas de apoyo informal. Que, desde la multidisciplinaridad  y la  perspectiva de la investigación acción, puede contribuir a empoderar a las familias mixtas y minimizar, así,  las disoluciones matrimoniales.</subfield>
   </datafield>
   <datafield ind1="8" ind2=" " tag="024">
      <subfield code="a">http://hdl.handle.net/10630/11299</subfield>
   </datafield>
   <datafield tag="653" ind2=" " ind1=" ">
      <subfield code="a">Matrimonio mixto</subfield>
   </datafield>
   <datafield tag="653" ind2=" " ind1=" ">
      <subfield code="a">Comunicación intercultural</subfield>
   </datafield>
   <datafield ind2="0" ind1="0" tag="245">
      <subfield code="a">Las familias interculturales como ejemplo de nuevas formas  familiares en un mundo globalizado: análisis de algunos factores de riesgo y de protección</subfield>
   </datafield>
</record>
</metadata></record></GetRecord></OAI-PMH>